Identidad clásica, étnica, cultural, comunal y nacional /
Se describe el contenido del número 122 de la Revista de Ciencias Sociales de la Universidad de Costa Rica, el cual se ocupa del tema de la identidad. Se presentan artículos acerca de las clases sociales y la identidad personal, la identidad étnica en indígenas huetares, el género, la identidad de l...
Bewaard in:
| Hoofdauteur: | |
|---|---|
| Formaat: | Texto |
| Onderwerpen: | |
| Tags: |
Voeg label toe
Geen labels, Wees de eerste die dit record labelt!
|
MARC
| LEADER | 00000 a a2200000 04500 | ||
|---|---|---|---|
| 001 | 41243 | ||
| 003 | |||
| 040 | |||
| 100 | |a Camacho Monge, Daniel | ||
| 245 | |a Identidad clásica, étnica, cultural, comunal y nacional / |c Daniel Camacho Monge | ||
| 520 | |a Se describe el contenido del número 122 de la Revista de Ciencias Sociales de la Universidad de Costa Rica, el cual se ocupa del tema de la identidad. Se presentan artículos acerca de las clases sociales y la identidad personal, la identidad étnica en indígenas huetares, el género, la identidad de las villas miseria en Argentina, la identidad basada en el éxito comercial en Chile, y otros. | ||
| 590 | |a EFU/NOVIEMBRE2011 | ||
| 650 | |a IDENTIDAD SOCIAL |a 1.ETNICIDAD | ||
| 650 | |a 2.CULTURA | ||
| 650 | |a 3.COMUNIDADES | ||
| 650 | |a 4.NACION | ||
| 650 | |a 5.COMENTARIOS | ||
| 773 | |g número122 ( , 2008), páginas 9-11 | ||
| 999 | |c 29954 |d 29954 | ||
